| 000 | 00330 a2200145 4500 | ||
|---|---|---|---|
| 001 | 63837 | ||
| 020 | _a9788126140305 | ||
| 082 | _a824 RUS | ||
| 090 |
_c37758 _d37758 |
||
| 100 | _aRussell,Bertrand | ||
| 245 | _aUnpopular essays | ||
| 260 |
_aNew Delhi _bAnmol Publication _c2009 |
||
| 300 | _a230 | ||
| 600 | _aAditya Nandwani | ||
| 942 |
_aNUST-CAE _k824 RUS |
||
| 999 |
_c298910 _d298910 |
||